[Event "S. A. Group BAN-chT 2018"]
[Site "Dhaka"]
[Date "2018.12.11"]
[Round "6"]
[White "Anisuzzaman, Jewel"]
[Black "Hossain, Monir"]
[Result "0-1"]
[WhiteElo "1902"]
[BlackElo "2038"]
[Annotator "NA RC"]
[PlyCount "115"]
[EventDate "2018.12.07"]
[EventType "team-tourn"]
[EventCountry "BAN"]
[SourceTitle "playchess.com"]
[Source "ChessBase"]
[SourceQuality "1"]
[TimeControl "5400+30"]

1. Nf3 {[%emt 0:01:06]} Nf6 {[%emt 0:00:00]} 2. g3 {[%emt 0:00:12]} g6 {[%emt 0:00:22]} 3. b3 {[%emt 0:01:47]} Bg7 {[%emt 0:00:19]} 4. Bb2 {[%emt 0:00:01]} O-O {[%emt 0:00:19]} 5. Bg2 {[%emt 0:00:00]} d6 {[%emt 0:02:45]} 6. O-O {[%emt 0:00:09] A05: Réti Opening: 1 Nf3 Nf6} a5 {[%emt 0:03:34]} (6... e5 7. c4 Re8 8. Nc3 e4 9. Nd4 c6 10. e3 Na6 11. d3 exd3 12. Qxd3 Nc5 13. Qc2 a5 14. a3 h5 15. h3 Bd7 16. b4 {1-0 (31) Karjakin,S (2782)-Mamedyarov,S (2808) Stavanger 2018}) 7. c4 {[%emt 0:00:49]} Nc6 {[%emt 0:00:20]} 8. d3 {[%emt 0:03:10]} Re8 $146 {[%emt 0:01:40]} ({Predecessor:} 8... e5 9. Nbd2 h6 10. h3 Nh7 11. e4 Be6 12. Kh2 Qd7 13. a3 Rab8 14. Rb1 f5 15. exf5 gxf5 16. Nh4 Ne7 17. f4 {½-½ (17) Cernicek,D (2149)-Bogic,S (2286) Pancevo 2005}) 9. Nbd2 {[%emt 0:01:41]} e5 {[%emt 0:00:46]} 10. Rc1 {[%emt 0:03:47]} a4 {[%emt 0:01:34]} 11. a3 {[%emt 0:01:20]} axb3 {[%emt 0:00:21]} 12. Qxb3 {[%emt 0:01:06]} Nd7 {[%emt 0:00:38]} 13. Ne4 {[%emt 0:02:28]} Qe7 {[%emt 0:01:05]} 14. e3 {[%emt 0:04:09]} h6 {[%emt 0:06:48]} 15. Rfe1 {[%emt 0:08:14]} Ra7 {[%emt 0:08:53]} 16. Qc2 {[%emt 0:04:55]} Nb6 {[%emt 0:05:10]} 17. Nc3 {[%emt 0:04:25]} Qd8 {[%emt 0:01:25]} 18. Nd2 {[%emt 0:02:37]} Bf5 {[%emt 0:00:33]} 19. Nde4 {[%emt 0:15:43]} Ra5 {[%emt 0:05:15]} 20. Nd5 {[%emt 0:03:21]} Na4 {[%emt 0:00:56]} 21. Ba1 {[%emt 0:04:55]} Bxe4 {[%emt 0:02:12]} 22. dxe4 {[%emt 0:01:13]} Nc5 {[%emt 0:04:01]} 23. Bb2 {[%emt 0:00:54]} Nb8 {[%emt 0:01:08]} 24. Red1 {[%emt 0:01:09]} Ra7 {[%emt 0:07:34]} 25. Rb1 {[%emt 0:00:40]} Nba6 {[%emt 0:02:43]} 26. Bc3 {[%emt 0:03:20]} b6 {[%emt 0:00:49]} 27. Bh3 {[%emt 0:04:03]} Ne6 {[%emt 0:04:33]} 28. Ra1 {[%emt 0:03:24]} Ng5 {[%emt 0:02:57]} 29. Bg2 {[%emt 0:00:23]} Nc5 {[%emt 0:00:18]} 30. f4 {[%emt 0:03:44]} exf4 {[%emt 0:02:03]} 31. Bxg7 {[%emt 0:01:07]} Kxg7 {[%emt 0:00:31]} 32. e5 {[%emt 0:08:23]} f3 {[%emt 0:01:22]} ({Not} 32... dxe5 33. exf4 exf4 {[#]} 34. Nxb6 $1 $11 {[%mdl 512]}) 33. exd6 {[%emt 0:02:49]} cxd6 $19 {[%emt 0:01:28]} 34. Qb2+ {[%emt 0:00:35]} f6 {[%emt 0:01:13]} 35. Bf1 {[%emt 0:00:11]} (35. Bh1 $17) 35... Na4 {[%emt 0:01:08]} (35... Nge4 $19 {has better winning chances.} 36. Bh3 h5) 36. Qb4 {[%emt 0:03:19]} Qd7 {[%emt 0:03:40]} 37. Nf4 {[%emt 0:01:19]} Ne4 {[%emt 0:00:52]} 38. Bd3 {[%emt 0:01:16]} Nac5 {[%emt 0:01:17]} 39. Bf1 {[%emt 0:00:33]} g5 {[%emt 0:00:53]} 40. Bh3 {[%emt 0:00:30]} g4 {[%emt 0:02:24]} 41. Bf1 {[%emt 0:00:02]} Qc6 {[%emt 0:02:01]} 42. Rd5 {[%emt 0:01:01]} Re5 {[%emt 0:01:06]} 43. Rb1 {[%emt 0:00:49]} Ra6 {[%emt 0:01:14]} 44. Rbd1 {[%emt 0:02:00]} Qa4 {[%emt 0:00:43]} 45. Rxd6 {[%emt 0:01:32]} Qxb4 {[%emt 0:02:26]} 46. axb4 {[%emt 0:00:01]} Nxd6 {[%emt 0:00:24]} 47. Rxd6 {[%emt 0:00:01]} Ne4 {[%emt 0:05:55]} 48. Rd7+ {[%emt 0:00:08]} Kf8 {[%emt 0:00:15]} 49. c5 {[%emt 0:00:16]} b5 {[%emt 0:00:28]} 50. Ng6+ {[%emt 0:00:22]} Kg8 {[%emt 0:00:16]} 51. Nxe5 {[%emt 0:00:35]} fxe5 {[%emt 0:00:17]} 52. Bxb5 {[%emt 0:00:31]} Ra1+ {[%emt 0:00:21]} 53. Bf1 {[%emt 0:00:01]} Rc1 {[%emt 0:03:00]} 54. b5 {[%emt 0:02:00]} Ng5 {[%emt 0:03:54]} 55. h4 {[%emt 0:02:06]} Nh3+ {[%emt 0:00:53]} 56. Kh2 {[%emt 0:00:00]} Rxf1 {[%emt 0:00:22]} 57. c6 {[%emt 0:00:11]} f2 {[%emt 0:00:47]} 58. Rd1 {[%emt 0:02:37]} 0-1

[Event "S. A. Group BAN-chT 2018"]
[Site "Dhaka"]
[Date "2018.12.12"]
[Round "7"]
[White "Safarli, Eltaj"]
[Black "Anata, Choudhury"]
[Result "1-0"]
[WhiteElo "2671"]
[BlackElo "2169"]
[Annotator "TA"]
[PlyCount "75"]
[EventDate "2018.12.07"]
[EventType "team-tourn"]
[EventCountry "BAN"]
[SourceTitle "playchess.com"]
[Source "ChessBase"]
[SourceQuality "1"]

{[%evp 13,75,15,16,14,21,22,31,25,27,12,35,31,55,0,46,50,41,29,30,28,33,27,62,75,98,98,120,120,125,54,54,47,55,55,70,62,130,127,150,138,153,153,141,147,138,135,147,141,143,137,214,214,258,235,365,357,333,273,405,381,1046,1018,1133,1114]} 1. e4 c5 2. Nf3 d6 3. Nc3 a6 4. g3 g6 5. Bg2 Bg4 $146 ({Predecessor:} 5... Bg7 6. d4 cxd4 7. Nxd4 Nf6 8. h3 O-O 9. O-O Nc6 10. Be3 Bd7 11. Nd5 Rc8 12. Nxc6 bxc6 13. Nxf6+ Bxf6 14. c3 c5 15. Qc2 Qa5 16. h4 Rb8 17. Bg5 Bxg5 18. hxg5 c4 {0-1 (55) Aronian,L (2784)-Grischuk,A (2752) chess.com INT 2016}) 6. h3 {B50: Sicilian: 2...d6, Miscellaneous} Bxf3 7. Bxf3 Nc6 {LiveBook: 17 Games} 8. d3 {The position is equal.} Bg7 9. O-O Nf6 10. Bg5 O-O 11. Qd2 Nd4 12. Bg2 b5 13. Nd5 ({White should play} 13. f4 $14) 13... Rb8 14. c3 {aiming for Bxf6.} Ne6 15. Nxf6+ Bxf6 16. Bxf6 exf6 17. f4 {[%cal Bf2f4,Bf4f5][%mdl 32]} Ng7 18. f5 g5 19. h4 h6 20. hxg5 hxg5 21. Bf3 (21. Kf2 $16) 21... Ne8 $14 22. Kg2 Kg7 23. d4 Qe7 24. Rad1 $36 {[%mdl 2048] White is more active.} b4 (24... Nc7 $14) 25. dxc5 $1 $16 dxc5 {[#]} 26. Qd7 $1 {[%cal Rd7e7]} Rb7 27. Qxe7 Rxe7 28. cxb4 cxb4 {[#]} 29. Rd4 $1 a5 30. Rc1 Nc7 31. Rc5 g4 (31... a4 $16 32. Ra5 a3) 32. Bxg4 $18 Ra8 33. Bd1 Ra7 (33... a4 {might work better.} 34. Rxb4 a3) 34. Ba4 Na8 35. Rc6 Nc7 (35... Rec7 {was necessary.} 36. Rxc7 Rxc7) 36. Kf3 Ne8 $2 (36... Ra6 37. Rdc4 Rxc6 38. Rxc6 Ne8) 37. Rc8 Nc7 38. Rdd8 {Accuracy: White = 71%, Black = 43%.} 1-0

[Event "S. A. Group BAN-chT 2018"]
[Site "Dhaka"]
[Date "2018.12.12"]
[Round "7"]
[White "Rahman, Ziaur"]
[Black "Hossain, Showkat Pollab"]
[Result "1/2-1/2"]
[WhiteElo "2468"]
[BlackElo "2131"]
[Annotator "TA"]
[PlyCount "57"]
[EventDate "2018.12.07"]
[EventType "team-tourn"]
[EventCountry "BAN"]
[SourceTitle "playchess.com"]
[Source "ChessBase"]
[SourceQuality "1"]

{[%evp 16,57,31,20,35,18,60,50,72,49,61,56,56,43,65,57,67,62,88,87,88,87,85,85,122,111,126,77,142,143,172,168,182,179,185,199,196,56,76,17,37,25,38,0]} 1. Nf3 d5 2. g3 Nf6 3. Bg2 g6 4. c4 dxc4 5. Qa4+ c6 6. Qxc4 Bg7 {A09: Réti Opening: 1 Nf3 d5 2 c4} 7. O-O O-O 8. d3 Nbd7 9. Nc3 {LiveBook: 7 Games} Qa5 (9... e5 10. Qh4 Nd5 11. Bg5 f6 12. Bd2 N7b6 13. Nxd5 cxd5 14. Qb4 Be6 15. Rfc1 Rf7 16. Qa5 Nd7 17. Rc2 Qxa5 18. Bxa5 {1-0 (53) Aronian,L (2797)-Nakamura,H (2767) Saint Louis 2014}) 10. a4 $146 ({Predecessor:} 10. Bd2 Qh5 11. Qh4 Qxh4 12. Nxh4 Rd8 13. Rab1 {1-0 (48) Burmakin,V (2535)-Meister,P (2366) Sitges 2016}) 10... Nd5 {[%cal Rd5c3]} 11. Bd2 Nxc3 12. bxc3 Ne5 13. Nxe5 Qxe5 14. Rfe1 Qd6 15. Rab1 e5 16. a5 a6 17. Be3 Re8 18. Bc5 Qd8 19. Rb6 Bf8 20. Bxf8 Kxf8 21. e4 Re7 ({Black should play} 21... Qe7) 22. d4 $16 exd4 23. cxd4 Kg8 24. Qb4 Qe8 25. h4 Rb8 26. Rxc6 ({Better is} 26. Rb1 $18) 26... Bh3 $1 $14 27. Rc5 (27. Rb1 $16 Rxe4 28. Rc7 Bxg2 29. Kxg2) 27... Bxg2 $11 28. Kxg2 {[#] And now d5 would win.} Rxe4 29. Rcc1 {Precision: White = 51%, Black = 27%.} 1/2-1/2

[Event "S. A. Group BAN-chT 2018"]
[Site "Dhaka"]
[Date "2018.12.12"]
[Round "7"]
[White "Das, Arghyadip"]
[Black "Anisuzzaman, Jewel"]
[Result "1-0"]
[WhiteElo "2430"]
[BlackElo "1902"]
[Annotator "TA"]
[PlyCount "71"]
[EventDate "2018.12.07"]
[EventType "team-tourn"]
[EventCountry "BAN"]
[SourceTitle "playchess.com"]
[Source "ChessBase"]
[SourceQuality "1"]

{[%evp 9,71,65,81,38,95,85,121,104,214,195,178,97,107,56,309,297,396,406,448,419,527,512,621,629,612,548,545,539,543,535,523,536,508,418,537,533,900,899,953,930,1130,1152,1166,1195,1320,1266,1366,977,1108,1117,1107,1089,1170,1160,2058,1814,29985,29986,29994,29995,29995,29996,29996,29997]} 1. e4 g6 2. d4 d6 3. Nc3 Bg7 4. Bc4 Nd7 5. Nf3 c6 6. h4 $146 {B06: Modern Defence} ({Predecessor:} 6. a4 d5 7. exd5 Nb6 8. Qe2 Nxd5 9. Bxd5 cxd5 10. Qb5+ Bd7 11. Qxb7 Nf6 12. O-O Qc8 13. Qxc8+ Rxc8 {1-0 (56) Zhang,P (2562)-Burnett,R (2437) Budapest 2000}) 6... e6 (6... Nb6 $14 7. Be2 Nf6) 7. h5 $16 Ne7 8. Bb3 {White is better.} d5 (8... b5 $16) 9. h6 $18 Bf8 10. e5 (10. Qe2 $18) 10... c5 11. dxc5 (11. Bg5 $16) 11... Nxc5 $2 {[%mdl 8192]} (11... Nc6 $1 $14) 12. Bg5 Bd7 13. Bf6 Rg8 14. Ng5 Qc7 15. Nxh7 O-O-O 16. Nxf8 Bc6 17. h7 Rgxf8 18. h8=Q Rxh8 19. Rxh8 Rxh8 20. Bxh8 Nf5 {[%cal Be7f5,Bf5h4,Bh4g2][%mdl 32]} 21. Ne2 Nh4 22. Qd4 Nxg2+ 23. Kf1 {[%mdl 64] [#] Trapped Piece} Bb5 24. c4 dxc4 25. Bxc4 Bxc4 26. Qxc4 Qc6 27. Rc1 b6 28. Qg4 Ne3+ 29. fxe3 Qh1+ 30. Qg1 Qxh8 31. b4 Qh3+ 32. Qg2 Qxe3 33. bxc5 {White mates.} bxc5 34. Qc6+ {[%mdl 64] [#] Double Attack} Kd8 35. Rd1+ Qd4 36. Nxd4 {Accuracy: White = 49%, Black = 13%.} 1-0

[Event "S. A. Group BAN-chT 2018"]
[Site "Dhaka"]
[Date "2018.12.12"]
[Round "7"]
[White "Sidhant, Mohapatra"]
[Black "Mehdi Hasan Parag"]
[Result "1-0"]
[WhiteElo "2343"]
[BlackElo "2218"]
[Annotator "TA"]
[PlyCount "101"]
[EventDate "2018.12.07"]
[EventType "team-tourn"]
[EventCountry "BAN"]
[SourceTitle "playchess.com"]
[Source "ChessBase"]
[SourceQuality "1"]

{[%evp 27,101,-6,0,0,0,0,44,20,15,12,56,64,84,81,79,85,76,77,76,85,85,79,85,89,82,85,103,59,61,65,72,70,69,73,74,46,46,38,38,54,339,-190,339,339,339,339,339,-102,332,332,310,330,325,325,368,368,414,404,460,458,733,365,849,584,1440,1436,1393,1354,6809,1275,29968,29969,5712,5222,29986,29987]} 1. c4 e6 2. g3 Nf6 3. Bg2 d5 4. Nf3 Be7 5. O-O O-O 6. b3 b6 7. Bb2 Bb7 8. d3 c5 9. e3 Nc6 10. Qe2 dxc4 11. bxc4 Qc7 12. Nc3 Rfd8 13. Rfd1 {A14: English Opening: 1...e6 with b3 by White} a6 14. Rac1 (14. Rab1 Rab8 15. Ba1 Ba8 16. Ne1 Na7 17. Bxa8 Rxa8 18. g4 Rab8 19. g5 Ne8 20. h4 b5 21. Qg4 bxc4 22. Rxb8 Qxb8 23. Qxc4 {½-½ (40) Bukavshin,I (2648)-Lysyj,I (2677) Sochi 2015}) 14... Rab8 {LiveBook: 6 Games} 15. Ba1 {The position is equal.} Ba8 {[#]} 16. Ng5 $146 ({Predecessor:} 16. Rb1 Na7 17. d4 Ne4 18. Ne5 Nxc3 19. Bxc3 Bxg2 20. Kxg2 cxd4 21. exd4 b5 {½-½ (35) Harika,D (2501)-Tan,Z (2438) Beijing 2012}) 16... Ne5 17. Nce4 Nxe4 18. Nxe4 f5 (18... b5 {is more complex.} 19. f4 Nd7 20. Re1 bxc4 21. Rxc4 f5) 19. Qb2 Bxe4 20. Qxe5 Qxe5 21. Bxe5 Bxg2 22. Bxb8 {aiming for Bc7.} Bf3 23. Bc7 {[%mdl 64] Double Attack} Rd7 24. Bxb6 {Black must now prevent Rd2.} Rb7 25. Ba5 Bxd1 26. Rxd1 $16 {[%mdl 4096] Endgame KRB-KRB} Bf6 27. d4 cxd4 28. exd4 {Strongly threatening c5.} Rb2 29. c5 {And now c6 would win.} Rc2 $1 30. Bb6 Kf7 31. d5 exd5 32. Rxd5 Ke6 33. Rd6+ Ke5 $2 {[%mdl 8192]} ({Better is} 33... Kf7 $1 $14) 34. f4+ $1 $18 Ke4 {[%mdl 1024] ...Bd4+ is the strong threat. Black has strong compensation.} 35. c6 {[%cal Bc5c6,Bc6c7][%mdl 32]} Kf3 {( -> ...Rc1+)} 36. Rd3+ Ke4 {[#]} 37. Re3+ $1 Kd5 38. c7 Bd4 39. Bxd4 Kxd4 {KR-KR} 40. Re7 g6 41. Rxh7 Ke3 {[#]} 42. Kf1 $1 a5 43. Re7+ Kd3 (43... Kd4 $142 44. Ke1 Kd5) 44. Ke1 (44. h3 $142 Kd4 45. Ke1) 44... Rc1+ (44... Kd4 {keeps fighting.} 45. Rg7 Ke3 46. Re7+ Kd4) 45. Kf2 Rc2+ 46. Kf3 {White threatens Rd7+ and mate.} Rc6 47. g4 Kd4 48. gxf5 (48. Rd7+ $142 Kc5 49. gxf5 gxf5 50. h4) 48... gxf5 49. Rd7+ Kc5 50. h4 {[%cal Bh2h4,Bh4h5][%mdl 32]} Kb4 51. h5 {Accuracy: White = 80%, Black = 43%.} 1-0

[Event "S. A. Group BAN-chT 2018"]
[Site "Dhaka"]
[Date "2018.12.12"]
[Round "7"]
[White "Abu Sufian, Shakil"]
[Black "Belal, Hossain Babu"]
[Result "1-0"]
[WhiteElo "2230"]
[BlackElo "1995"]
[Annotator "TA"]
[PlyCount "63"]
[EventDate "2018.12.07"]
[EventType "team-tourn"]
[EventCountry "BAN"]
[SourceTitle "playchess.com"]
[Source "ChessBase"]
[SourceQuality "1"]

{[%evp 25,63,0,35,-25,7,-27,-17,-35,-18,-44,-36,-52,114,103,131,129,134,134,131,117,117,0,918,186,370,361,420,283,544,549,554,555,1030,1007,29987,29988,29990,29991,29992,29983]} 1. e4 c6 2. d4 d5 3. Nc3 dxe4 4. Nxe4 Bf5 5. Ng3 Bg6 6. h4 h6 7. Nf3 Nd7 8. h5 Bh7 9. Bd3 Bxd3 10. Qxd3 e6 11. Bd2 Ngf6 12. O-O-O Be7 13. Kb1 a5 {[%cal Ba7a5,Ba5a4][%mdl 32] LiveBook: 24 Games} 14. Qe2 {B19: Classical Caro-Kann: 4...Bf5 main line} (14. Ne4 $14) (14. Ne4 a4 15. c4 Qb6 16. g4 Nxe4 17. Qxe4 Bf6 18. Bc3 a3 19. b3 O-O-O 20. Rd2 c5 21. Rhd1 Qc7 {1-0 (38) Wei,Y (2580)-Antonio,R (2518) Tagaytay City 2013}) 14... Qb6 15. Ka1 $146 ({Predecessor:} 15. c4 a4 16. Bc3 Qa6 17. Rhe1 O-O 18. d5 cxd5 19. cxd5 Qxe2 20. Rxe2 Bc5 21. dxe6 fxe6 22. Rxe6 Bxf2 {1-0 (33) Player,E (2248)-Stokes,P (1930) London 2012}) 15... a4 16. a3 {The position is equal.} Qa6 17. c4 O-O 18. Ne5 Rad8 $2 (18... Rfd8 $15 {stays ahead.}) 19. Ng6 $1 $16 {[%cal Rg6e7]} Rfe8 20. Nxe7+ Rxe7 21. Nf5 $1 {[%cal Rf5e7]} Ree8 22. Nd6 $36 {[%mdl 2048] Black is under strong pressure.} Rf8 23. Qf3 (23. g4 $16) 23... Nb6 $2 {[%mdl 8192] [#]} (23... Ne8 $11 24. Bb4 Nxd6 25. Bxd6 Rfe8) 24. c5 $2 (24. Bxh6 $1 {[%mdl 512]} Rxd6 (24... gxh6 25. Qxf6) 25. Bxg7 $1 {[%mdl 576] Clearance}) 24... Nbd5 $2 {[#]} (24... Rxd6 25. cxd6 Nfd5) 25. g4 $1 $18 Nh7 26. Rdg1 Rd7 $2 (26... f6 {was necessary.} 27. Qe4 Nc7) 27. g5 hxg5 28. Bxg5 f5 29. h6 {Strongly threatening hxg7.} Nxg5 30. Rxg5 {White mates.} Nf6 31. hxg7 Rxg7 32. Qh3 {Accuracy: White = 42%, Black = 18%.} 1-0

[Event "S. A. Group BAN-chT 2018"]
[Site "Dhaka"]
[Date "2018.12.12"]
[Round "7"]
[White "Subhayan Kundu"]
[Black "Mollah Abdullah, Al Rakib"]
[Result "1-0"]
[WhiteElo "2185"]
[BlackElo "2477"]
[Annotator "TA"]
[PlyCount "75"]
[EventDate "2018.12.07"]
[EventType "team-tourn"]
[EventCountry "BAN"]
[SourceTitle "playchess.com"]
[Source "ChessBase"]
[SourceQuality "1"]

{[%evp 24,75,25,0,70,29,76,87,99,66,90,72,79,69,84,62,61,69,71,54,99,76,75,67,137,134,123,111,143,144,164,162,160,177,160,166,409,409,506,410,399,383,422,420,407,358,358,358,358,358,358,358,540,531]} 1. e4 e5 2. Nf3 Nc6 3. Bb5 a6 4. Ba4 d6 5. O-O Bd7 6. c3 {[%cal Bc2c3,Bc3c4,Bc4c5][%mdl 32]} g6 7. d4 Bg7 8. d5 Nce7 9. Bxd7+ Qxd7 10. c4 h6 11. Nc3 f5 12. Nd2 {C76: Ruy Lopez: Deferred Steinitz: 5 c3 Bd7 6 d4 g6} Nf6 13. f3 {[#] LiveBook: 8 Games} f4 $146 (13... O-O $11) ({Predecessor:} 13... O-O 14. b4 c6 15. dxc6 Nxc6 16. a3 Nd4 17. Bb2 Rac8 18. Ne2 Nh5 19. Nxd4 exd4 20. exf5 {½-½ (32) Nakamura,H (2787)-Carlsen,M (2877) Saint Louis 2014}) 14. c5 {White is slightly better.} b6 15. b4 {[%cal Bb2b4,Bb4c5,Bc5c6][%mdl 32]} g5 16. Nc4 Ng6 17. Kh1 b5 18. Nd2 g4 19. a4 dxc5 20. bxc5 b4 21. Ne2 h5 22. Nc4 O-O 23. Bb2 Rfe8 (23... Qe7 $14) 24. c6 Qf7 25. Rc1 Rad8 26. d6 {[%cal Bd5d6,Bd6d7][%mdl 32]} Bf8 {[%cal Rf8d6]} 27. d7 Re6 {[#]} 28. Na5 $1 {[%cal Ra5b7] aiming for Nb7.} Rd6 29. Qc2 $36 {[%mdl 2048] Hoping for Nxf4! White has strong initiative.} h4 $2 (29... Nxd7 30. cxd7 R8xd7) 30. Nb7 $18 Be7 31. Nxd6 Bxd6 32. Ng1 Qe6 33. Rfd1 Kf7 34. Qc4 Qxc4 35. Rxc4 {[#] Threatens to win with Rxd6!} Ke6 36. h3 gxf3 37. Nxf3 Nh7 (37... Rg8 $142 38. Kg1 a5) 38. Rd5 {Accuracy: White = 63%, Black = 35%.} 1-0

[Event "S. A. Group BAN-chT 2018"]
[Site "Dhaka"]
[Date "2018.12.12"]
[Round "7"]
[White "Patil, Pratik"]
[Black "Kovalev, Vladislav"]
[Result "0-1"]
[WhiteElo "2178"]
[BlackElo "2683"]
[Annotator "TA"]
[PlyCount "64"]
[EventDate "2018.12.07"]
[EventType "team-tourn"]
[EventCountry "BAN"]
[SourceTitle "playchess.com"]
[Source "ChessBase"]
[SourceQuality "1"]

{[%evp 24,64,35,39,53,17,12,25,19,20,20,0,0,-59,-58,-68,-63,-53,-70,-114,-114,-112,-106,-112,-114,-114,-113,-126,-134,-165,-133,-150,-151,-159,-129,-155,-160,-176,-164,-441,-410,-810,-810]} 1. e4 e5 2. Nf3 Nc6 3. Bc4 Nf6 4. d3 Bc5 5. c3 a6 6. Bb3 d6 7. Nbd2 h6 8. h3 Ba7 9. Nf1 Ne7 10. Ng3 Ng6 11. O-O O-O 12. Re1 Be6 {C54: Giuoco Piano: 4 c3 Nf6, main lines with 5 d4 and 5 d3} (12... Re8 13. d4 b5 14. Bc2 Bb7 15. a4 exd4 16. cxd4 c5 17. d5 c4 18. Nf5 b4 19. Bd2 Ne7 20. Ne3 b3 21. Bb1 Rc8 22. Bc3 Ng6 23. Nd2 {1-0 (74) Vocaturo,D (2616)-Gozzoli,Y (2598) Le Castella 2018}) 13. d4 {LiveBook: 51 Games} exd4 14. Nxd4 $146 ({Predecessor:} 14. cxd4 Nh7 15. Bxe6 fxe6 16. Qb3 Qf6 17. e5 dxe5 18. dxe5 {½-½ (61) Shuqja,K (1414)-Ziegenfuss,A (1608) Porto Carras 2015}) 14... Bxb3 {The position is equal.} 15. Qxb3 Qd7 16. Be3 Rfe8 17. Nf3 ({Not} 17. Qxb7 $2 Bxd4 18. Bxd4 Reb8 $19) 17... c5 18. Rad1 (18. Qc2 $11) 18... Nxe4 $15 19. Nxe4 Rxe4 20. Qd5 Re6 21. Bxc5 {[#]} Nf4 $1 {[%cal Rf4d5]} ({Much weaker is} 21... Bxc5 $6 {[#]} 22. Qxc5 $1 {[%mdl 512]} Rxe1+ 23. Nxe1 $11) ({Reject} 21... Ne7 $6 22. Qd4 $11) 22. Qc4 Nxh3+ 23. gxh3 {And now Rxe6 would win.} Rg6+ {[%mdl 64] Discovered Attack} 24. Kh2 Qc7 {[%mdl 64] Pin} 25. Qf4 {Threatens to win with Bxa7.} Qxc5 26. Re2 Rf8 27. Nd4 Bb8 {White must now prevent ...d5.} 28. Kh1 d5 $40 {[%mdl 128] White is in trouble.} 29. Qh4 Qd6 {[%csl Gb8][%cal Rd6h2]} 30. f3 Kh7 31. Nf5 $2 (31. f4 {is a better defense.}) 31... Qd7 $19 32. Nd4 (32. Ne7 $142 Rg3 33. Rxd5 Rxh3+ 34. Kg2 Qxd5 35. Qxh3) 32... Bg3 {Accuracy: White = 19%, Black = 86%.} 0-1

[Event "S. A. Group BAN-chT 2018"]
[Site "Dhaka"]
[Date "2018.12.12"]
[Round "7"]
[White "Ahmed, Sk. Nasir"]
[Black "Bhuiyan, Golam Mostafa"]
[Result "0-1"]
[WhiteElo "2119"]
[BlackElo "2079"]
[Annotator "TA"]
[PlyCount "78"]
[EventDate "2018.12.07"]
[EventType "team-tourn"]
[EventCountry "BAN"]
[SourceTitle "playchess.com"]
[Source "ChessBase"]
[SourceQuality "1"]

{[%evp 14,78,26,16,70,15,18,31,18,0,0,0,0,0,0,0,11,3,11,0,17,-51,-61,-62,-65,-67,-63,-66,-85,-70,-64,-102,-97,-129,-129,-137,-113,-194,-197,-302,-288,-289,-214,-208,-210,-230,0,0,27,-314,-306,-306,-306,-306,-306,-363,-303,-437,-437,-369,-417,-385,-377,-607,-607,-607,-607]} 1. e4 c5 2. Nf3 Nc6 3. Bb5 g6 4. Bxc6 dxc6 5. d3 Bg7 6. O-O Nf6 7. h3 O-O 8. Nc3 {LiveBook: 156 Games} Nh5 {B31: Sicilian: 2...Nc6 3 Bb5 g6} (8... Re8 $11) (8... Ne8 9. Be3 b6 10. e5 f6 11. Re1 Nc7 12. Qd2 fxe5 13. Bh6 Rxf3 14. Bxg7 Kxg7 15. gxf3 Bxh3 16. Rxe5 e6 17. Rg5 {1-0 (33) Caruana,F (2827)-Gelfand,B (2703) Batumi 2018}) 9. Be3 ({White should play} 9. e5 $1 $14) 9... Qd6 $146 ({Predecessor:} 9... b6 10. Qd2 Re8 11. Rab1 e5 12. a3 Qf6 13. Kh2 Nf4 14. Ng1 Ne6 15. b4 b5 16. bxc5 {1-0 (57) Zehnter,S (2124)-Sternheimer,E (2096) Wuerzburg 2007}) 10. Qd2 e5 {White is slightly better.} 11. Ne2 f5 12. exf5 gxf5 {And now ...f4 would win.} 13. Ng3 Nxg3 14. fxg3 Bd7 15. Rab1 b6 16. a3 a5 17. b4 (17. b3 $11) 17... f4 $15 18. gxf4 exf4 19. Bf2 cxb4 $1 20. axb4 c5 $1 $36 {[%cal Rc5b4][%mdl 2048] White is under strong pressure.} 21. bxc5 bxc5 22. d4 a4 $1 {[%cal Ba5a4,Ba4a3,Ba3a2][%mdl 32]} 23. c3 a3 24. Rfd1 Qd5 25. c4 (25. Kh2 $17) 25... Qxc4 $19 26. Rdc1 (26. dxc5 {was worth a try.} Bc6 27. Rb4) 26... a2 27. Ra1 Qd5 28. Rxc5 {[#]} Qb3 $1 29. Rc3 {[#]} Qb1+ $2 (29... Qb4 $1 $19 30. Kh2 Kh8) 30. Rc1 $11 Rfb8 {...Qxa1! is the strong threat.} 31. Kh2 $2 {[%mdl 8192]} (31. Raxb1 $11 Rxb1 32. Qxa2+ {[%mdl 64] Remove Defender} Rxa2 33. Rxb1) 31... Qb2 $19 32. Be1 Qxd2 33. Bxd2 Rb2 34. Bc3 Rb3 35. Bd2 (35. Rc2 $142) 35... Be6 36. Bxf4 Bd5 37. Be5 Bf8 38. Rc2 $2 (38. Nh4) 38... Rb1 39. Rc1 Rxc1 {Accuracy: White = 33%, Black = 66%.} 0-1